Sumer and the Sumerians /
المؤلف الرئيسي:
التنسيق: كتاب
اللغة: English
منشور في:
Cambridge, UK ; New York, NY :
Cambridge University Press,
2004.
الطبعة: 2nd ed.
الموضوعات:
الوصول للمادة أونلاين: Login to view Source Login to view Source Login to view Source
الوسوم: إضافة وسم
رقم الطلب: DS72 .C73 2004
| LEADER | 01490cam a22003014i 4500 | ||
|---|---|---|---|
| 003 | OSt | ||
| 005 | 20241020081642.0 | ||
| 008 | 040213s2004 enkab b 001 0 eng | ||
| 999 | |c 55186 |d 55186 | ||
| 020 | |a 0521533384 (pbk.) | ||
| 020 | |a 9780521533386 | ||
| 040 | |c ARCE Library | ||
| 043 | |a a-iq--- | ||
| 050 | 1 | |a DS72 .C73 2004 | |
| 100 | 1 | |a Crawford, Harriet E. W., |e author | |
| 245 | 1 | 0 | |a Sumer and the Sumerians / |c Harriet Crawford. |
| 250 | |a 2nd ed. | ||
| 264 | 1 | |a Cambridge, UK ; |a New York, NY : |b Cambridge University Press, |c 2004. | |
| 300 | |a x, 252 pages : |b illustrations, maps ; |c 26 cm. | ||
| 504 | |a Includes bibliographical references (pages 222-233) and index. | ||
| 505 | 0 | |a 1. The rediscovery of the ancient Near East: the physical environment 2. History, chronology and social organization 3. Patterns of settlement and agriculture 4. Town planning and temple architecture 5. Public buildings and private housing 6. Upper Mesopotamia 7. Life, death and the meaning of the universe 8. Manufacturing industries 9. Trade 10. Writing and the arts 11. Conclusions. | |
| 650 | 0 | |a Sumerians. | |
| 651 | 0 | |a Iraq |x Antiquities. | |
| 856 | 4 | 1 | |3 Table of contents only |u http://www.loc.gov/catdir/toc/cam041/2004045116.html |
| 856 | 4 | 2 | |3 Publisher description |u http://www.loc.gov/catdir/enhancements/fy0632/2004045116-d.html |
| 856 | 4 | 2 | |3 Contributor biographical information |u http://www.loc.gov/catdir/enhancements/fy0732/2004045116-b.html |
| 901 | |a reviewed | ||
| 942 | |2 lcc |c BK | ||
